<?xml version="1.0" encoding="UTF-8"?>
<record
    xmlns:xsi="http://www.w3.org/2001/XMLSchema-instance"
    xsi:schemaLocation="http://www.loc.gov/MARC21/slim http://www.loc.gov/standards/marcxml/schema/MARC21slim.xsd"
    xmlns="http://www.loc.gov/MARC21/slim">

  <leader>00437    a2200109   4500</leader>
  <controlfield tag="001">ART_42179</controlfield>
  <controlfield tag="005">20260410161806.0</controlfield>
  <controlfield tag="008">260409a                                 </controlfield>
  <datafield tag="245" ind1="1" ind2="0">
    <subfield code="a">Hacia una nueva conceptualizaci&#xF3;n de la comercialidad en el Proyecto de C&#xF3;digo Civil y Comercial</subfield>
  </datafield>
  <datafield tag="100" ind1="1" ind2=" ">
    <subfield code="a">Junyent Bas, Francisco</subfield>
  </datafield>
  <datafield tag="773" ind1="0" ind2=" ">
    <subfield code="t">Doctrina Societaria y Concursal</subfield>
    <subfield code="g">Proyecto de reforma de los C&#xF3;digos Civil y Comercial (sep. 2012)</subfield>
    <subfield code="w">REV4298</subfield>
  </datafield>
  <datafield tag="999" ind1=" " ind2=" ">
    <subfield code="c">21023</subfield>
    <subfield code="d">21023</subfield>
  </datafield>
</record>
